000 00801nas a2200277 4500
001 BR9700426
003 BR-BrBNA
005 20231205095945.0
007 ta
008 230509b bl.|||p| |||| 00| 00por d
040 _aBR-BrBNA
_bpor
_cBiblioteca Nacional de Agricultura
041 _a(En)
072 _aF02
100 1 _aMendes, B.M.J.
100 1 _aMendes, F.J.
100 1 _aTulmann Neto, A.
100 1 _aDemetrio, C.G.B.
100 1 _aPuske, O.R.
245 1 _aEfficacy of banana plantlet production by micropropagation
650 _aBanana
650 _aMuda
650 _aMicropropagacao
773 0 _tPesquisa Agropecuaria Brasileira (Brazil)
_xISSN 0100-204X
_g(Dec 1996), v. 31(12) p. 863-867
_wBR9700426
909 _a202311
_bLúcia
_c55
_dLúcia Elande
942 _2AGRIS
_n0
_cANA
999 _c153659
_d153659